000 004530000a22001810004500
001 004372
003 MACL
005 20150704124331.0
008 150704b xxu||||| |||| 00| 0 eng d
040 _aMACL
_cMACL
041 _aEnglish
082 _a297.122/SIN
100 _aBhatt, G.P.
_9534
245 _aAncient Indian Tradition & Mythology
260 _aNew Delhi
_c1990
_bMotilal Banarsi das
650 _aReligion
_9535
942 _k294.59
_cBK
_2ddc
999 _c16263
_d16263